Normal view
MARC view
- STALLINGS,WILLIAM
Entry Personal Name
001 - CONTROL NUMBER
- control field: 89593
003 - CONTROL NUMBER IDENTIFIER
- control field: NUST
005 - DATE AND TIME OF LATEST TRANSACTION
- control field: 20220225102432.0
008 - FIXED-LENGTH DATA ELEMENTS
- fixed length control field: 220225|| aca||aabn | a|a d
040 ## - CATALOGING SOURCE
- Original cataloging agency: NUST
- Transcribing agency: NUST
100 ## - HEADING--PERSONAL NAME
- Personal name: STALLINGS,WILLIAM
670 ## - SOURCE DATA FOUND
- Source citation: Work cat.: (NUST): STALLINGS,WILLIAM., CRYPTOGRAPHY AND NETWORK SECURITY /, 2017.
